000 00332nam a2200133Ia 4500
008 240624s9999 xx 000 0 und d
041 _aeng
082 _a005.73 HUB
100 _aHUBBARD JOHN R
245 _aDATA STRUCTURES WITH JAVA
260 _c2005
_aNew Delhi
_bPearson Education
300 _a549 : p. : cm. ; 25
365 _cRS
999 _c3434
_d3434